Państwa Świata z klikaniem - Statystyki

Ogólne statystyki
  • Ten quiz został rozwiązany 12 razy
  • Średni wynik to 39 z 196
Statystyki odpowiedzi
Hint Odpowiedź % Poprawnych
Największy kraj na półwyspie Arabskim. Arabia Saudyjska
50%
Symbolem tego kraju jest trzylistna kończyna. Irlandia
50%
Na swojej fladze posiada drzewo(cedr). Liban
50%
Nazwa tego państwa po hiszpańsku oznacza ,,Zbawiciel". Salwador
50%
Kraj ten graniczy z Pakistanem, Iranem, Tadżykistanem, Turkmenistanem, Uzbekistanem i Chinami. Afganistan
42%
Ten kraj był dawną kolonią portugalską(pierwsza litera tego kraju to A). Angola
42%
Jest najstarszym państwem chrześcijańskim na świecie. Armenia
42%
Flaga tego państwa jest podobna do kraju, który w 2022 roku organizował mundial. Bahrajn
42%
Państwo Europejskie, które ma sojusz z Rosją i z nią graniczy. Białoruś
42%
Jeszcze nie dawno najludniejsze państwo na świecie. Chiny
42%
Państwo to zwane jest wyspą Afrodyty. Cypr
42%
Znajdują się tam ogromne budowle w kształcie figury geometrycznej. Egipt
42%
Dawniej ten kraj nazywał się Suazi. Eswatini
42%
Mówi się że tam mieszka Święty Mikołaj. Finlandia
42%
W tym państwie legenda głosi, że na górze znajdują się Bogowie. Grecja
42%
Ten kraj graniczy z Gibraltarem. Hiszpania
42%
Państwo europejskie znajdujące się nie daleko od Grenlandii. Islandia
42%
Podczas 2 wojny światowej mieszkańcy tego kraju byli znienawidzeni przez Niemców. Izrael
42%
Flaga tego państwa nie ma koloru białego, czerwonego i niebieskiego. Jamajka
42%
Nazwa tego państwa została nadana na cześć odkrywcy Ameryki. Kolumbia
42%
Obowiązuje tu totalitaryzm rządzony przez rodzine Kimów. Korea Północna
42%
To państwo ma jednego sąsiada, który stosuje totalitaryzm. Korea Południowa
42%
To państwo jest jedyną enklawą na 2 największym kontynencie na świecie Lesotho
42%
Dawniej to państwo miało flagę jednokolorową. Libia
42%
To państwo jest jako jedyne położone całości w Alpach. Liechtenstein
42%
Posiada prawie tą samą nazwę jak jeden z regionów w Grecji. Macedonia Północna
42%
Jest jedynym państwem, które ma na swojej fladze broń palną. Mozambik
42%
To państwo łączy Amerykę Północną i Południową. Panama
42%
Na terenie tego kraju znajduję się Machu Picchu. Peru
42%
Tego państwa nie było 123 lata na mapie. Polska
42%
W tym państwie powstała laleczka, z której wychodzi druga mniejsza laleczka i tak dalej. Rosja
42%
Ten kraj obecnie ma największe terytoria ze wszystkich innych państw , które dawniej były częścią Jugosławii. Serbia
42%
W tym kraju zabronione jest żucie gumy. Singapur
42%
Uznawane jest za najmłodsze państwo na świecie. Sudan Południowy
42%
Posiada to państwo największą granice z morzem bałtyckim. Szwecja
42%
Ten kraj uznawany jest przez 12 państw. Tajwan
42%
W tym państwie znajduję się Kilimandżaro. Tanzania
42%
To państwo posiada część swego państwa na półwyspie bałkańskim mimo, że większość tego państwa jest na innym kontynencie. Turcja
42%
W tym państwie społeczeństwo jest w 100% chrześcijańskie. Watykan
42%
Stolica tego państwa powstała z połączenia dwóch miast, leżących nad Dunajem. Węgry
42%
Według statystyk jest 10 największym państwem. Algieria
33%
Żyje tam kilka rodzajów torbaczy. Australia
33%
Stolica tego kraju jest siedzibą najważniejszych instytucji Unii Europejskiej. Belgia
33%
Siedzibą tego państwa jest La Paz. Boliwia
33%
W tym kraju powstała bajka o czarnym kreciku. Czechy
33%
Państwo z najstarszą flagą do teraz. Dania
33%
Walutą tego państwa jest Frank Kongijski(CDF). Demokratyczna Republika Konga
33%
Nazwa tego państwa po hiszpańsku oznacza ,,równik". Ekwador
33%
Znajduję się tam najwyższy szczyt w Europie. Francja
33%
Ten kraj zajmuje wąski 50 kilometrowy, szeroki skrawek lądu wzdłuż dolnego biegu rzeki. Gambia
33%
Nazwa hymnu królewskiego tego państwa brzmi- God Save the King(państwo zaczyna się na G). Grenada
33%
Jednym z dań kuchni regionalnej tego kraju jest Chaczapuri. Gruzja
33%
Region Konakry w tym państwie wynosi 450 kilometrów(2). Gwinea
33%
Tam chciał dopłynąć Kolumb podczas podróży. Indie
33%
Pod względem długości przypomina cała Europę(znajduję się blisko Australii). Indonezja
33%
W tym państwie wymyślono rodzaj komiksu z unikalnym stylem rysunkowym(Manga). Japonia
33%
Stolicą tego państwa jest Amman. Jordania
33%
W latach 1976-1989 ten kraj nazywał się Kampucza. Kambodża
33%
2 sierpnia 1990 roku Irak dokonał inwazji na ten kraj. Kuwejt
33%
Kiedyś wielkie mocarstwo wraz ze swym europejskim sąsiadem dzisiaj niewielki kraj z dostępem do morza. Litwa
33%
Jeden z ssaków(ten zwierzak jest bohaterem filmiu Madagaskar) przesiaduje na tej wyspie. Madagaskar
33%
Jedno z miast tego państwa(Tyraspol) od 1991 roku jest stolicą samozwańczej republiki Naddniestrza. Mołdawia
33%
Co roku organizowany jest tam festyn zwany OktoberFest. Niemcy
33%
Mówi się w tym kraju, że w Transylwanii mieszka potwór żywiący się krwią. Rumunia
33%
Nazwa tego państwa pochodzi od nazwiska francuskiego ministra finansów(Jeana Moreau de Séchelles). Seszele
33%
To państwo wytwarza 25% produkcji światowej brutto. Stany Zjednoczone Ameryki
33%
Jest trzecim największym krajem w Afryce. Sudan
33%
Ten kraj graniczy z największym terytorium zależnym Francji(nie jest to Brazylia). Surinam
33%
Największe państwo na starym kontynencie, które ma 100% granic w na jednym kontynencie. Ukraina
33%
To państwo było organizatorem i wygranym pewnych igrzysk sportowych w 1930 roku. Urugwaj
33%
To państwo otacza 2 mniejsze państwa. Włochy
33%
To państwo aktualnie posiada mistrzostwo świata w piłce nożnej. Argentyna
25%
W tym państwie znajduje się jaskinia Lamprechtsofen. Austria
25%
W tym państwie grupa etniczna(Tswana) zajmuję około 68% ludności. Botswana
25%
Największe Państwo na kontynencie, kontynent jest 4 największym pod względem wielkości. Brazylia
25%
To państwo jako jedyne posiada flagę z kolorem fioletowym. Dominika
25%
Jest drugim co do wielkości państwem na Morzu Karaibskim. Dominikana
25%
W 1521 roku portugalski odkrywca Ferdynand Magellan przyłączył ten kraj do Królestwa Hiszpanii. Filipiny
25%
Z tego kraju pochodzi Kofi Annan-polityk i dyplomata. Ghana
25%
Trzykrotnie to państwo było blisko osiągnięcia zwycięstwa w piłce nożnej. Holandia
25%
Nazwa państwa jest identyczna jak nazwa choroby. Katar
25%
Jedno z miast w tym państwie(Tałdykorgan) w latach 2001-2022 było stolicą obwodu ałmackiego. Kazachstan
25%
Sąsiedni bałkański kraj nie uznaje niepodległości tego kraju. Kosowo
25%
Domeną internetową tego państwa jest .lu. Luksemburg
25%
Najwyższy punkt tego państwa wynosi 2,5m.n.p.m. Malediwy
25%
Ten kraj leży około 170 km na północny wschód od Reunionu. Mauritius
25%
Ten kraj obejmuję większą cześć wysp Mikronezji. Mikronezja
25%
To państwo jest drugim w Europie najrzadziej zaludnionym krajem. Norwegia
25%
Jest najdalej wysuniętym krajem Europejskim na zachód(liczone są też terytoria poza Europą). Portugalia
25%
W tym państwie znajduje się skocznia narciarska-Velikana. Słowenia
25%
Ten kraj zmienił flagę w 2024 roku. Syria
25%
Nazwa tego kraju pochodzi od słowa tongahahake. Tonga
25%
Kiedyś granicę tego państwa były największe w historii. Wielka Brytania
25%
W latach 1946–1958 ten kraj był miejscem, gdzie USA testowało 67 bomb nuklearnych. Wyspy Marshalla
25%
Flaga tego państwa została zaprojektowana przez Reginalda Samuela w 1966 roku. Antigua i Barbuda
17%
Ten kraj jest został 29 członkiem NATO. Czarnogóra
17%
Państwo mimo swojego bardzo dużego terytorium nie posiada dużej liczby mieszkańców. Kanada
17%
Prognozy dotyczące zmian klimatu głoszą, że to państwo całkowicie zostanie zalane do 2050 roku przez wody Oceanu Spokojnego. Kiribati
17%
To państwo jest największą wyspą w Afryce. Komory
17%
Narodową potrawą jest tam Fenek(potrawa z królika). Malta
17%
Stolica posiada tą samą nazwę jak kraj i ma ponad 10 milionów mieszkańców. Meksyk
17%
Znajduję się tam druga najwyższa góra(K2) na świecie. Nepal
17%
Państwo to leży około 3200 km na południe od Tokio. Palau
17%
Jednym z języków urzędowych tego kraju jest hiri motu. Papua Nowa Gwinea
17%
Ten kraj 7 września 2009 roku zmienił kierunek w ruchu drogowym z prawostronnego na lewostronny. Samoa
17%
Ostatnia kara śmierci w tym państwie została wykonana w 1468 roku. San Marino
17%
Na początku XXI wieku to państwo było piątym na świecie eksporterem ropy naftowej. Wenezuela
17%
Ten kraj leżący w Oceanii jest większy według powierzchni od Albanii(nie jest to Australia, Nowa Zelandia czy Papua Nowa Gwinea). Wyspy Salomona
17%
Granice tego państwa przypominają ptaka wykluwającego jajko. Azerbejdżan
8%
Na terenie tego państwa znajduję się największa na świecie rzeźba podwodna. Bahamy
8%
Stolicą jednej z 7 prowincji tego państwa jest Rangpur. Bangladesz
8%
Państwo to posiada aż 12 kolorów na swojej fladze. Belize
8%
W 2015 roku odwiedziło ten kraj o 16,2% więcej turystów niż w roku poprzednim. Bhutan
8%
Uważa się, że nazwa tego państwa pochodzi od hydronimu rzeki i nazwy jednego historycznego i geograficznego regionu. Bośnia i Hercegowina
8%
14 kwietnia 1578 roku ten kraj zaatakował Hiszpanie dowodzony przez gubernatora Filipin(Francisco de Sande). Brunei
8%
Premierem tego kraju jest Rosen Dimitrow Żelazkow. Bułgaria
8%
Ten kraj w 2013 zdobył wicemistrzostwo w Pucharze Narodów Afryki. Burkina Faso
8%
Posiada 3 najdłuższą granice z państwem, w którym przeważa kolor niebieski na fladze i z białym na środku(chodzi o drugie państwo). Chile
8%
W tym państwie powstał krawat. Chorwacja
8%
Jest 8 najmniejszym państwem w Afryce. Dżibuti
8%
W dniu 7 lub 8 stycznia w tym państwie jest obchodzone święto zwane Genna. Etiopia
8%
Kodem samochodowym tego kraju jest GCA. Gwatemala
8%
Na herbie tego kraju występuje puchowiec pięciopręcikowy. Gwinea Równikowa
8%
Nazwa tego państwa po arabsku brzmi: Al-Dżumhurijja al-Jamanijja. Jemen
8%
W jakim kraju 37 największym miastem jest Bafang. Kamerun
8%
Ten kraj w 2023 roku był na 62 miejscu w rankingu pod względem sił wojskowych na świecie. Kuba
8%
Państwo Unii Europejskiej, w którym najszybciej zmniejsza się liczba ludności UE. Łotwa
8%
W tym kraju w bramie do miasta Tantan można zobaczyć patrzące się na siebie wielbłądy. Maroko
8%
To państwo jest najmniejszą republiką na świecie. Nauru
8%
Ten kraj pojawił się w brytyjskiej gazecie The Times po raz pierwszy w 1897 roku. Nigeria
8%
Ptak w tym kraju wykluwa jajka wielkości takiej samej jak on. Nowa Zelandia
8%
W tym państwie płynie rzeka Vaal. Republika Południowej Afryki
8%
Nazwy trzech Parków Narodowych tego kraju to Dzanga-Ndoki, Lobéké i Faro. Republika Środkowoafrykańska
8%
Ten kraj obecnie podzielony jest na 5 prowincji a dawniej był na 12. Rwanda
8%
W 2012 roku Trynidad i Tobago było w 23,2% partnerem w eksporcie dla tego kraju. Saint Lucia
8%
W 1974 roku Francja wraz z tym krajem podpisała porozumienie, które pozwoliło rozmieścić wojska francuskie w liczbie 3500 na terenie Zielonego Przylądka. Senegal
8%
Ten kraj od 1 stycznia 2009 należy do strefy euro. Słowacja
8%
W 2011 roku ten kraj zajął 1 miejsce(czwarty rok z rzędu)w rankingu państw o najtrudniejszych warunkach do życia. Somalia
8%
Co roku urządza się tam konkurs zrzucania sera ze stromej góry. Szwajcaria
8%
Język tetum jest jednym z dwóch języków urzędowych tego kraju(2 to portugalski). Timor Wschodni
8%
To państwo zamieszkuje ponad 260 gatunków ptaków, a 150 przylatuje tu z Ameryki Północnej i Południowej. Trynidad i Tobago
8%
Ten kraj 12 listopada 1956 dołączył do ONZ. Tunezja
8%
Łączna liczba granic z innymi państwami tego kraju wynosi 3736km(2). Turkmenistan
8%
Ten kraj jest najludniejszym krajem Azji Środkowej (ponad 45% ludności regionu). Uzbekistan
8%
Pierwsi ludzie dotarli na teren tego kraju około 3000 lat temu. Vanuatu
8%
Ten kraj jest piętnastym co do wielkości populacji państwem świata. Wietnam
8%
To państwo składa się z pięciu wysp, z których trzy są zamieszkane. WŚT i K
8%
W tym kraju wyznawcy religii Église harriste wynoszą 0,74% liczby wyznwaców według struktury religijnej w 2014 roku. Wybrzeże Kości Słoniowej
8%
Ten kraj jest 2 państwem w Afryce, który ma najwięcej sąsiadów. Zambia
8%
Ten kraj jest oddalony około 180 km od najbliższego wybrzeża. Zimbabwe
8%
Na terenie tego kraju znajduję się największy diabelski młyn Zjednoczone Emiraty Arabskie
8%
Liczba ludności w 2007 roku wynosiła w tym państwie 3 600 524. Albania
0%
Księga tego państwa powstała w 1278 roku. Andorra
0%
Położenie tego kraju to 13*10'N, 59*32'W. Barbados
0%
Pierwszym prezydentem tego kraju był Hubert Maga. Benin
0%
Głównym regionem rolniczym tego kraju jest dolina rzeki Ruzizi. Burundi
0%
Kodem samolotowym tego państwa jest TT. Czad
0%
Ten kraj posiada granice z Morzem Czerwonym równą 1 151 kilometrów. Erytrea
0%
Tartu jest drugim co do wielkości miastem w tym kraju. Estonia
0%
Na wyspie Taveuni tego kraju występują rzadko spotykane nietoperze(Mirimiri Acrodonta). Fidżi
0%
Dniu 17 sierpnia w tym kraju jest obchodzone święto(Jour d'Indepence). Gabon
0%
Najdłuższą rzeką tego kraju jest Essequibo. Gujana
0%
Największe skupisko wysp tego kraju znajduje się w Archipelagu Bijagós. Gwinea Bissau
0%
Liczba ludności w 2021 roku tego państwa wynosiła 11 198 240 mieszkańców. Haiti
0%
Emisja gazów cieplarnianych tego kraju w 1990 roku wynosiła 8,909Mt. Honduras
0%
W jakim kraju w lipcu 2016 roku było 3 703 302 mężczyzn w przedziale wiekowym 15-24 lat. Irak
0%
W jakim kraju dewiza brzmi: Esteghlāl, āzādi, dżomhuri-je eslāmi. Iran
0%
Najliczniejsza grupa etniczna tego kraju(Kikuju) stanowi 17,1% liczby populacji. Kenia
0%
W wyborach prezydenckich w 2017 tego kraju kandydat opozycji(Ömürbek Babanow) zajął drugie miejsce z wynikiem 33,70%. Kirgistan
0%
Ten kraj posiada 151 deputowanych w Zgromadzeniu Narodowym. Kongo
0%
W tym państwie można znaleźć około 300 kamiennych kul wykonanych przez człowieka o średnicy od kilku centymetrów do ponad 2 metrów. Kostaryka
0%
Jedną prowincją tego kraju jest Savannakhét. Laos
0%
Między sierpniem a październikiem 2003 prezydentem tego kraju był Moses Blah. Liberia
0%
Ten kraj w 1907 roku stał się formalnie kolonią brytyjską. Malawi
0%
Stolicą administracyjną tego kraju jest Putrajaya. Malezja
0%
Godło tego kraju w centralnej części przedstawia Wielki Meczet w Dżenne. Mali
0%
To państwo jest 28 największym krajem pod względem wielkości. Mauretania
0%
Pierwszą stolicą tego państwa był Pagan. Mjanma
0%
Od 1918 roku Francja uzyskała prawo do stacjonowania wojsk na terenie tego kraju. Monako
0%
Największym jeziorem w tym kraju jest Uws-nur. Mongolia
0%
Występują tam wydmy, które mają nawet 300 metrów wysokości. Namibia
0%
Ten kraj uzyskał niepodległość 3 sierpnia 1960 roku. Niger
0%
Jednym z nieaktywnych wulkanów tego kraju jest Rota. Nikaragua
0%
Fort Bahla znajdujący się w tym kraju został wpisany w 1987 roku na listę UNESCO pod względem zabytków. Oman
0%
Ten kraj posiada 654tys. żołnierzy zawodowych oraz 550tys. rezerwistów. Pakistan
0%
Stolica tego kraju w 2022 roku stanowiła 6,32% całej populacji tego państwa. Paragwaj
0%
Powierzchnia tego kraju wynosi lekko ponad 4000 tysiące km(2). Republika Zielonego Przylądka
0%
W latach 1871-1958 to państwo stanowiło część British Leeward Islands. Saint Kitts i Nevis
0%
Gubernatorem generalnym w tym państwie jest Susan Dougan. Saint Vincent i Grenadyny
0%
Długość geograficzna tego państwa wynosi 10°–13°W a szerokość 7°–10°N. Sierra Leone
0%
Największe miasto w prowincji południowej tego kraju to Galle. Sri Lanka
0%
PKB na osobę w tym kraju wynosi 5 293 dolarów międzynarodowych. Tadżykistan
0%
Granice tego państwa są równe 513 120 km(2). Tajlandia
0%
Populacja tego kraju przez 20 lat(2005-2025) zmieniła się o 4 121 355(około) mieszkańców. Togo
0%
W 2012 w stolicy tego kraju mieszkało 57,1% ludności tego państwa. Tuvalu
0%
Ten kraj podzielony jest na 134 dystrykty. Uganda
0%
Nie znaleziono quizów pasujących do podanych kryteriów
Rozkład punktacji
Procent ludzi z każdym wynikiem
Percentyl według liczby udzielonych odpowiedzi
Twoja historia wyników
Nie rozwiązałeś tego quizu